00706nam a22001937a 4500003000500000005001700005008004100022010001000063011001000073035001100083040000900094110006200103245004200165260007900207300001000286490009200296650003200388830009200420CHAP20220329142920.0050217s1998 a r 00010 d a89608 a90580 a101136 cCHAP0 aINIFAP. México. Campo Agrícola Experimental La Laguna10aResúmenes día demostración 1998 aMatamoros, Coah. :bINIFAP. Campo Agrícola Experimental La Laguna,c1998 a16 h. 0aINIFAP. México. Campo Agrícola Experimental La Laguna. Publicación especialv; 4814aCultivosxComarca Lagunera.0 aINIFAP. México. Campo Agrícola Experimental La Laguna. Publicación especialv; 48